How to crack test of reasoning (Record no. 7982)
[ view plain ]
| 000 -LEADER | |
|---|---|
| fixed length control field | 00313nam a2200121Ia 4500 |
| 008 - FIXED-LENGTH DATA ELEMENTS--GENERAL INFORMATION | |
| fixed length control field | 191201s2016 xx 000 0 und d |
| 100 ## - MAIN ENTRY--PERSONAL NAME | |
| Personal name | JAIKISHAN AND PREM KISHAN |
| 245 #0 - TITLE STATEMENT | |
| Title | How to crack test of reasoning |
| 250 ## - EDITION STATEMENT | |
| Edition statement | Rep |
| 260 ## - PUBLICATION, DISTRIBUTION, ETC. (IMPRINT) | |
| Date of publication, distribution, etc | 2016 |
| Name of publisher, distributor, etc | Arihant Publisher |
| Place of publication, distribution, etc | NEW DELHI |
| 300 ## - PHYSICAL DESCRIPTION | |
| Extent | 442 |
| 942 ## - ADDED ENTRY ELEMENTS (KOHA) | |
| Source of classification or shelving scheme | Dewey Decimal Classification |
| Koha item type | Text Books |
| 942 ## - ADDED ENTRY ELEMENTS (KOHA) | |
| -- | 7 |
| Withdrawn status | Lost status | Source of classification or shelving scheme | Damaged status | Not for loan | Collection code | Home library | Current library | Date acquired | Source of acquisition | Cost, normal purchase price | Bill Number | Total Checkouts | Full call number | Acc. no. / Barcode | Date last seen | Actual Cost, discounted price | Bill Date | Koha item type | Date last borrowed | Public note |
|---|---|---|---|---|---|---|---|---|---|---|---|---|---|---|---|---|---|---|---|---|
| Dewey Decimal Classification | BCA | PIET C-LIBRARY | PIET C-LIBRARY | 15/05/2019 | Kirti Prakashan | 235.00 | IN3880 | 658.3 JAH | BC1291 | 04/12/2019 | 164.50 | 15/05/2019 | Reference Books | |||||||
| Dewey Decimal Classification | BCA | PIET C-LIBRARY | PIET C-LIBRARY | 15/05/2019 | Kirti Prakashan | 235.00 | IN3880 | 2 | 658.3 JAH | BC1292 | 07/11/2025 | 164.50 | 15/05/2019 | Text Books | 06/03/2025 | Competition | ||||
| Dewey Decimal Classification | BCA | PIET C-LIBRARY | PIET C-LIBRARY | 15/05/2019 | Kirti Prakashan | 235.00 | IN3880 | 1 | 658.3 JAH | BC1293 | 05/05/2022 | 164.50 | 15/05/2019 | Reference Books | 20/04/2022 | Competition | ||||
| Dewey Decimal Classification | BCA | PIET C-LIBRARY | PIET C-LIBRARY | 15/05/2019 | Kirti Prakashan | 235.00 | IN3880 | 1 | 658.3 JAH | BC1294 | 30/05/2022 | 164.50 | 15/05/2019 | Reference Books | 05/05/2022 | Competition | ||||
| Dewey Decimal Classification | BCA | PIET C-LIBRARY | PIET C-LIBRARY | 15/05/2019 | Kirti Prakashan | 235.00 | IN3880 | 5 | 658.3 JAH | BC1295 | 27/08/2024 | 164.50 | 15/05/2019 | Text Books | 16/08/2024 | Competition |